Pixar Cars 3 Piston Cup Next-Gen Racers by Name - Statistics

General Stats
  • This quiz has been taken 78 times
  • The average score is 18 of 34
Answer Stats
Picture Answer % Correct
Jackson Storm
81%
Cruz Ramirez
79%
Daniel "Danny" Swervez
74%
Flip Dover
74%
Bubba Wheelhouse
72%
Cam Spinner
66%
Eric Braker
64%
Chase Racelott
62%
Rich Mixon
62%
J.D. McPillar
60%
Ryan "Inside" Laney
60%
Tim Treadless
60%
George New-Win
53%
Paul Conrev
53%
Jonas Carvers
51%
Noah Gocek
51%
Nick Shift
49%
Aaron Clocker
47%
Barry DePedal
47%
Chris Roamin'
47%
Harvey Rodcap
47%
H.J. Hollis
47%
M Fast Fong
47%
Michael Rotor
47%
Dan Carcia
45%
Herb Curbler
45%
Jim Reverick
43%
Sheldon Shifter
43%
Spikey Fillups
43%
J.P. Drive
42%
Richie Gunzit
42%
Steve "Slick" LaPage
42%
Will Rusch
42%
Conrad Camber
38%
No matching quizzes found
Score Distribution
Percent of People with Each Score
Percentile by Number Answered
Your Score History
You have not taken this quiz